MARC

LEADER 00000nam0a2200000 4500
001 244806
005 20231101232100.0
010 |b 2000 экз. 
035 |a (RuTPU)RU\TPU\book\266200 
035 |a RU\TPU\book\265651 
090 |a 244806 
100 |a 20131029d1931 km y0rusy50 ca 
101 0 |a rus 
102 |a RU 
105 |a a z 000zy 
200 1 |a Опробование нефтяных и газовых месторождений  |f И. О. Брод  |g СССР, Главное геологоразведочное управление (ГГРУ) 
210 |a Москва  |a Ленинград  |c Геологическое изд-во  |d 1931 
215 |a 20 с.  |c ил. 
316 |5 63413507: КР-7206  |a На обложке надпись: "В. Пышкин" 
317 |5 63413507: 180740  |a Поступила в НТБ в 1940 г. в составе книжного собрания академика М. А. Усова. 
317 |5 63413507: КР-7206  |a Поступил в НТБ в 2004 г. в составе книжного собрания кафедры общей геологии 
606 1 |a Нефтяные месторождения  |x Поиски и разведка  |2 stltpush  |3 (RuTPU)RU\TPU\subj\45959  |9 65148 
606 1 |a Газовые месторождения  |x Поиски и разведка  |2 stltpush  |3 (RuTPU)RU\TPU\subj\4647  |9 32894 
610 1 |a Библиотека М. А. Усова 
610 1 |a нефть 
610 1 |a газ 
610 1 |a геолого-разведочные работы 
610 1 |a методика 
610 1 |a опробование 
610 1 |a Коллекция кафедры общей геологии 
610 1 |a дары библиотеке 
675 |a 553.982:550.8  |v 3 
675 |a 553.981:550.8  |v 3 
700 1 |a Брод  |b И. О. 
712 0 1 |a СССР  |b Главное геологоразведочное управление (ГГРУ)  |c (1928-1931)  |2 stltpush  |3 (RuTPU)RU\TPU\col\18482 
801 1 |a RU  |b 63413507  |c 20131018 
801 2 |a RU  |b 63413507  |c 20220427  |g RCR 
942 |c BK